Science fair projects : (Record no. 288234)
[ view plain ]
| 000 -LEADER | |
|---|---|
| fixed length control field | 00481nam a2200133Ia 4500 |
| 008 - FIXED-LENGTH DATA ELEMENTS--GENERAL INFORMATION | |
| fixed length control field | 150610s9999 xx 000 0 und d |
| 020 ## - INTERNATIONAL STANDARD BOOK NUMBER | |
| International Standard Book Number | 9788172452087 |
| 050 ## - LIBRARY OF CONGRESS CALL NUMBER | |
| Classification number | QD38 |
| Item number | .B66 2000 |
| 100 ## - MAIN ENTRY--PERSONAL NAME | |
| Personal name | Bonnet, Robert L. |
| 245 ## - TITLE STATEMENT | |
| Title | Science fair projects : |
| Remainder of title | chemistry / |
| Statement of responsibility, etc | Bob Bonnet & Dan Keen ; illustrated by Frances Zweifel. |
| 260 ## - PUBLICATION, DISTRIBUTION, ETC. (IMPRINT) | |
| Place of publication, distribution, etc | New Delhi : |
| Name of publisher, distributor, etc | Goodwill Publishing House, |
| Date of publication, distribution, etc | 2000. |
| 300 ## - PHYSICAL DESCRIPTION | |
| Extent | 95pages : |
| Other physical details | illustrations ; |
| Dimensions | 25 cm. |
| 520 ## - SUMMARY, ETC. | |
| Summary, etc | Juvenile literature. |
| Withdrawn status | Lost status | Damaged status | Home library | Current library | Shelving location | Date acquired | Total Checkouts | Full call number | Barcode | Date last seen | Price effective from | Koha item type |
|---|---|---|---|---|---|---|---|---|---|---|---|---|
| Stonyhurst Southville International School (Batangas) | Stonyhurst Southville International School (Batangas) | High School Section | 06/10/2015 | QD38 .B66 2000 | US-1907 | 06/10/2015 | 06/10/2015 | Books |